| 000 | 00865 a2200229 4500 | ||
|---|---|---|---|
| 999 |
_c6245 _d6245 |
||
| 020 | _a9780761969792 | ||
| 050 | 0 | 0 | _aHQ1075 BEA 2005 |
| 100 | 1 |
_aBeasley, Chris. _eauthor |
|
| 245 | 1 | 0 |
_aGender & sexuality : _bcritical theories, critical thinkers / _cChris Beasley. |
| 264 |
_aLos Angeles: _bSAGE, _c2005 |
||
| 300 | _aviii, 293 p. ; | ||
| 500 | _aIncludes index | ||
| 504 | _aIncludes bibliographical references and index. | ||
| 650 | 0 | _aSex role. | |
| 650 | 0 | _aGender identity. | |
| 650 | 0 | _aFeminism. | |
| 650 | 0 | _aCritical theory. | |
| 856 | 4 | 2 |
_3Publisher description _uhttp://www.loc.gov/catdir/enhancements/fy0657/2004099439-d.html |
| 856 | 4 | 1 |
_3Table of contents only _uhttp://www.loc.gov/catdir/enhancements/fy0657/2004099439-t.html |
| 942 |
_2lcc _cBK _h1075 _iBEA _kHQ |
||